| 000 | 01049cam a2200301 a 4500 | ||
|---|---|---|---|
| 001 | 4714073 | ||
| 003 | OSt | ||
| 005 | 20230623121525.0 | ||
| 008 | 830408r19831982nju b 100 0 eng | ||
| 010 | _a 83007992 | ||
| 020 |
_a0878559396 (pbk.) : _c$14.95 |
||
| 040 |
_aDLC _cDLC _dDLC |
||
| 043 | _an-us--- | ||
| 050 | 0 | 0 |
_aJK1041 _b.T48 1981a |
| 082 | 0 | 0 |
_a328.73 _219 _bHAL |
| 111 | 2 |
_aThomas P. O'Neill, Jr., Symposium on the U.S. Congress _d(1981 : _cBoston College) |
|
| 245 | 1 | 4 |
_aThe United States Congress : _b[proceedings] / _cedited by Dennis Hale. |
| 250 | _aTransaction ed. | ||
| 260 |
_aNew Brunswick, U.S.A. : _bTransaction Books, _c1983, c1982. |
||
| 300 |
_axxvii, 360 p. ; _c23 cm. |
||
| 500 | _aReprint. Originally published: Chestnut Hill, Mass. : Boston College, c1982. | ||
| 504 | _aIncludes bibliographical references. | ||
| 610 | 1 | 0 |
_aUnited States. _bCongress _xCongresses. |
| 700 | 1 |
_aHale, Dennis _q(Dennis B.) |
|
| 710 | 2 | _aBoston College. | |
| 906 |
_a7 _bcbc _corignew _d1 _eocip _f19 _gy-gencatlg |
||
| 942 |
_2ddc _cBK |
||
| 999 |
_c2473 _d2473 |
||